000 00812nam a22002657a 4500
001 00260
003 DO-SdBNP
005 20180206103053.0
007 00260
008 151021b dr 1983 xxu||||| |||| 00| 0 spa d
020 _a843206176X
040 _aBPMSU
_bSPA
_cBPMSU
092 _axxxx
_bxxxx
100 1 0 _aGripe, María
245 1 0 _aUn verano con Nina y Lars /
_cMaría Gripe ; ilustración Edith Schindler ; traducción Herminia Dauer Cirlot
260 _aBarcelona, España :
_bPlaneta,
_c1983.
300 _a120 p. :
_bil.,
_c20 cm.
490 1 0 _aJuvenil nuevos horizontes
700 1 0 _aSchindler, Edith,
_eil.
700 1 0 _a Dauer Cirlot, Herminia,
_etr.
830 0 0 _aJuvenil nuevos horizontes
942 _2ddc
_cBK
945 _ainventariado, 2018 / dg
956 _aLorenza Pérez
999 _c8417
_d8417